Statystyki dla Wszystkie utwory z płyty ReTo/Zetha- ,,Bon appetit"

Kliknij tutaj aby rozwiązać quiz!

Ogólne statystyki

  • Ten quiz został rozwiązany 30 razy
  • Średni wynik to 6 z 9

Statystyki odpowiedzi

Nr.Nazwa% Poprawnych
1.Bon appetit
97%
5.Loca
90%
9.Dym
79%
2.Aspen
76%
3.Bogowie nocy
72%
6.Party2022
66%
8.Odurzeni
55%
4.Łobuz
52%
7.Tak jak my
52%

Rozkład punktacji

Percentyl według liczby udzielonych odpowiedzi

Procent ludzi z każdym wynikiem

Twoja historia wyników

Nie rozwiązałeś tego quizu